000
00272nam a22001217a 4500
008
170522b xxu||||| |||| 00| 0 eng d
041
_a
eng
080
_a
94(4)
100
_a
16
101
_a
SHH
245
_a
BRITAIN AND THE OLD DOMINIONS
_c
MILLER, J.D
942
_2
udc
_c
BK
999
_c
13649
_d
13649